000 00559nam a2200229Ia 4500
003 OSt
005 20220924151946.0
006 a|||||r|||| 00| 0
007 ta
008 220923b |||||||| |||| 00| 0 mar d
024 _a340102
037 _cTextual
040 _aARTS
_cARTS
_bmar
041 _2mar
_amar
082 _aO155,1N14,1, J1
100 _aIndita
_9225386
245 0 _aShaila
260 _c1951
650 _aMARATHI LITERATURE
_938000
942 _hO155,1N14,1, J1
_cTEXL
_2CC
999 _c468180
_d468180